Ελληνική μυθολογία : ένα ταξίδι στη φαντασία

Πρόκειται για ένα multimedia ταξίδι στη σφαίρα της φαντασίας των ελληνικών μύθων

Αποθηκεύτηκε σε:
Λεπτομέρειες βιβλιογραφικής εγγραφής
Συγγραφή απο Οργανισμό/Αρχή: Virtual Reality S. A. (εταιρεία)
Μορφή: Ηλεκτρονική πηγή
Γλώσσα:Greek
Δημοσίευση: Αθήνα : Virtual Reality S.A. ;, Αποκλειστική διάθεση: Mls Multimedia, c1998
Σειρά:Virtual Reality history
Θέματα:
Ετικέτες: Προσθήκη ετικέτας
Δεν υπάρχουν, Καταχωρήστε ετικέτα πρώτοι!

MARC

LEADER 00000cmm a2200000 i 4500
001 1/35914
008 030513s1998 gr gre d
020 |a 960-7705-02-5 
035 |l 10069964 
040 |a GR-MY-UA  |b gre  |e aacr 
041 0 |a gre 
082 0 |a 292.13  |2 (21η εκδ.) 
245 1 0 |a Ελληνική μυθολογία :  |h [αρχείο Η/Υ] /  |b ένα ταξίδι στη φαντασία  |c Virtual Reality S.A. 
260 |a Αθήνα :   |b Virtual Reality S.A. ;,   |b Αποκλειστική διάθεση: Mls Multimedia,   |c c1998 
300 |a 1 οπτική δισκέτα λέιζερ Η/Υ;  |b με ήχ., έγχρ.;  |c 4 3/4 ίν. 
490 1 |a Virtual Reality history 
520 |a Πρόκειται για ένα multimedia ταξίδι στη σφαίρα της φαντασίας των ελληνικών μύθων 
538 |a Ελάχιστες απαιτήσεις: 486 DX/ 8 MB RAM, 640 x 480, 256 χρώματα, 16-bit κάρτα ήχου, 2x CDROM drive, Windows 3.1x/ 95 
650 0 0 |a Mythology, Greek. 
710 2 |a Virtual Reality S. A.  |b (εταιρεία) 
830 0 |a Virtual Reality history 
852 |a INST  |b SYROS  |c AV  |e 20030513  |h 292.13 ΕΛΛ  |p 005500003386  |q 005500003386  |t CDROM  |y 23 
901 |a BIBL1-2003-1 
909 |a Ε  |b 103817 
970 |a ΜΑΝΩΛΑΡΑΚΗ  |b ΜΑΡΙΑ  |z 2003/05/13